| 000 | 00526nam a2200181 i 4500 | ||
|---|---|---|---|
| 001 | 49919 | ||
| 003 | ES-MaACL | ||
| 005 | 20250830063048.0 | ||
| 007 | t| | ||
| 008 | 030725s1972 sp ||||1| spa d | ||
| 100 | 1 |
_aCosta Clavell, Xavier, _d1923-2006 _941089 |
|
| 245 | 1 | 0 |
_aAves de jaula / _cVicente Cremades Calabuig [seud.]. |
| 260 |
_aBarcelona : _bRodegar, _c1972. |
||
| 300 |
_a126 p. ; _c17 cm. |
||
| 650 | 4 |
_aPájaros de jaula. _9163774 |
|
| 852 |
_aES-MaACL _jC-44989 _bR.80898 |
||
| 999 |
_c49919 _d49919 |
||